| 000 | 00572nam a2200169 i 4500 | ||
|---|---|---|---|
| 001 | 50010 | ||
| 003 | ES-MaACL | ||
| 005 | 20230906162112.0 | ||
| 007 | t| | ||
| 008 | 030728s1902 sp |||| | spa d | ||
| 100 | 1 |
_aCriado y Aguilar, Francisco. _941608 |
|
| 245 | 1 | 0 |
_aTratado teórico práctico de las enfermedades de los niños / _cpor Francisco Criado y Aguilar. |
| 260 |
_aMadrid : _b[s.n.], _c1902 ( _fImp. del Asilo de Huérfanos del S. C. de Jesús) |
||
| 300 |
_aVIII, 1135 p. ; _c27 cm. |
||
| 650 | 0 | 4 |
_aNiños- _xEnfermedades. _915546 |
| 852 |
_aES-MaACL _jB-10854 |
||
| 999 |
_c50010 _d50010 |
||